Bloodborne Knowledge Quiz - Statistics

General Stats
  • This quiz has been taken 354 times
  • The average score is 10 of 15
Answer Stats
Hint Answer % Correct
Lady _____ of the Astral Clocktower Maria
90%
"____ the old blood." Fear
89%
The First Vicar of the Healing Church Laurence
85%
Host of the Nightmare of Mensis Micolash
83%
Boss of the Nightmare Frontier Amygdala
81%
This town in Yharnam is now overrun by beasts. You find Djura here. Old Yharnam
81%
Stranded Great One found in Upper Cathedral Ward Ebrietas
74%
Who says "Dear oh dear, what was it? The hunt? The blood? Or the horrible dream" in 2 of 3 endings Gehrman
74%
The 'Hunter of Hunters' you meet in Central Yharnam Eileen
71%
Son of Yharnam, Pthumerian Queen Mergo
63%
Executioners' sworn enemy Vilebloods
56%
Formless Great One Oedon
55%
Queen of the Vilebloods Annalise
52%
"Behold! A _________ sky!" Paleblood
49%
Gascoigne's wife Viola
22%
No matching quizzes found
Score Distribution
Percent of People with Each Score
Percentile by Number Answered
Your Score History
You have not taken this quiz